000 00424pam a2200145 a 4500
020 _a0070330166 :
040 _cDLC
082 0 0 _a327 MCG 1992 A010 Or.
100 1 _aJones, Howard,
245 0 0 _aSafeguarding the republic :
_bessays and documents in American foreign relations, 1890-1991 /
260 _aNew York :
_bMcGraw-Hill,
_cc1992.
300 _axxiii, 485 p. ;
_c24 cm.
500 _aIncludes index.
942 _cEK
999 _c13688
_d13688